6 to 1: Africa Quiz Stats

Quiz Updated Feb 20, 2018

Also try: 6 to 1: Asia
Challenge
Share
Tweet
Embed
Score 0/21 Timer 03:00
1 Play Today
Answer % Correct
Egypt
96.9%
Madagascar
96.6%
Nile
95%
Morocco
94.4%
Algeria
92%
Libya
91.9%
Tunisia
90.3%
Chad
84.7%
Niger
83.6%
Niger
83.6%
Seychelles
82.4%
Answer % Correct
Victoria
82.1%
Lesotho
81.6%
Cabo Verde
76.9%
Mauritius
76.7%
Mali
76.4%
Comoros
72.9%
São Tomé and Príncipe
72.5%
Congo
61.7%
Zambezi
42%
Tanganyika
30.5%

You're not logged in!

Compare scores with friends on all Sporcle quizzes.
Join for Free
OR
Log In

You Might Also Like...

Show Comments

Extras

Top Quizzes Today


Score Distribution

Your Account Isn't Verified!

In order to create a playlist on Sporcle, you need to verify the email address you used during registration. Go to your Sporcle Settings to finish the process.

Report this User

Report this user for behavior that violates our Community Guidelines.

Details: